Pinares de la Meseta Sur del Duero (Castilla la Vieja) (Record no. 29705)
[ view plain ]
| 000 -LEADER | |
|---|---|
| campo de control de longitud fija | 00883nam a2200229 i 4500 |
| 001 - NÚMERO DE CONTROL | |
| campo de control | 29705 |
| 003 - IDENTIFICADOR DE NÚMERO DE CONTROL | |
| campo de control | ES-MaACL |
| 005 - FECHA Y HORA DE LA ÚLTIMA TRANSACCIÓN | |
| campo de control | 20230906154056.0 |
| 007 - CAMPO FIJO DE DESCRIPCIÓN FÍSICA--INFORMACIÓN GENERAL | |
| campo de control de longitud fija | t| |
| 008 - DATOS DE LONGITUD FIJA--INFORMACIÓN GENERAL | |
| campo de control de longitud fija | 030122s1951 sp af |||| | spa d |
| 100 1# - ENTRADA PRINCIPAL--NOMBRE DE PERSONA | |
| Nombre de persona | Baró y Zorrilla, Fernando. |
| 9 (RLIN) | 25749 |
| 245 10 - MENCIÓN DEL TÍTULO | |
| Título | Pinares de la Meseta Sur del Duero (Castilla la Vieja) |
| Resto del título | : hoja número 429 : Navas de Oro (Segovia) : memoria / |
| Mención de responsabilidad, etc. | Fernando Baró y Zorrilla. |
| 260 ## - PUBLICACIÓN, DISTRIBUCIÓN, ETC. | |
| Lugar de publicación, distribución, etc. | Madrid : |
| Nombre del editor, distribuidor, etc. | [s.n., |
| Fecha de publicación, distribución, etc. | 1951] ( |
| Fabricante | Talleres del Instituto Geográfico) |
| 300 ## - DESCRIPCIÓN FÍSICA | |
| Extensión | 245 p., 40 lám. : |
| Otras características físicas | il., 15 gráf. pleg. ; |
| Dimensiones | 24 cm. |
| 490 1# - MENCIÓN DE SERIE | |
| Mención de serie | Mapa agronómico nacional |
| 500 ## - NOTA GENERAL | |
| Nota general | Precede al tít.: Ministerio de Agricultura. |
| 650 #4 - PUNTO DE ACCESO ADICIONAL DE MATERIA--TÉRMINO DE MATERIA | |
| Término de materia o nombre geográfico como elemento de entrada | Agricultura- |
| Subdivisión geográfica | Segovia (Provincia) |
| 9 (RLIN) | 169970 |
| 710 1# - ENTRADA AGREGADA--NOMBRE DE ENTIDAD CORPORATIVA | |
| Nombre de entidad corporativa o nombre de jurisdicción como elemento de entrada | España. |
| Unidad subordinada | Ministerio de Agricultura. |
| 9 (RLIN) | 3837 |
| 830 0# - PUNTO DE ACCESO ADICIONAL DE SERIE-TÍTULO UNIFORME | |
| Título uniforme | Mapa agronómico nacional |
| 9 (RLIN) | 184287 |
| 852 ## - LOCALIZACIÓN | |
| Ubicación | ES-MaACL |
| Número de control de estantería | D-6851 |
| Estatus retirado | Estado de pérdida | Estado de daño | No para préstamo | Biblioteca de origen | Biblioteca actual | Ubicación en estantería | Fecha de adquisición | Fuente de adquisición | Total de préstamos | Signatura topográfica completa | Código de barras | Visto por última vez | Precio de reemplazo | Tipo de ítem Koha |
|---|---|---|---|---|---|---|---|---|---|---|---|---|---|---|
| Biblioteca del Ateneo de Madrid | Biblioteca del Ateneo de Madrid | Sala Valle Inclán | 17/01/2008 | D-6851 | 901030670 | 23/02/2023 | 23/02/2023 | Libro impreso |
